• 首页
  • 本馆介绍
  • 公告通知
  • 最新文献
  • 馆藏检索
  • 电子资源
  • 读者导购
  • 参考咨询
  • 我的图书馆
  • 登录
  • 详细信息显示
  • 放入我的书架
  • 预约/预借图书
  • 作者相关作品
  • 分类相关作品
  • 丛书相关作品
  • 出版社相关作品

书目信息

  • 表格格式
  • 工作单格式
  • 卡片格式
题名:
卡耐基人性的弱点全集
    
 
作者: 柯秋贤 编
分册:  
出版信息: 北京   地震出版社  2009
页数: 307页
开本: 24cm
丛书名:
单 册:
中图分类: C912.1
科图分类:
主题词: 人间交往--通俗读物 , 人间交往
电子资源:
ISBN: 978-7-5028-2976-6
000 01032nam0 22002651 45
001 1138491922
005 20110419111610.48
010    @a978-7-5028-2976-6@dCNY29.80
100    @a20110408e2009 em y0chiy50 ea
101 0  @achi
102    @aCN@b110000
105    @ay z 000yy
106    @ar
200 1  @a卡耐基人性的弱点全集@AKa Nai Ji Ren Xing De Ruo Dian Quan Ji@e如何赢得朋友并影响他人@ERu He Ying De Peng You Bing Ying Xiang Ta Ren@e超值合集版@EChao Zhi He Ji Ban@f柯秋贤编@FKe Qiu Xian Bian
210    @a北京@c地震出版社@d2009
215    @a307页@d24cm
312    @a英文副题名:How to win friends & influence people
330    @a本书内容涉及人际交往、心态调节、维系家庭、合理安排工作和金钱等方面,还为读者指明了营造和谐美好人际关系的诀窍。
517 1  @a如何赢得朋友并影响他人@ARu He Ying De Peng You Bing Ying Xiang Ta Ren
606 0  @a人间交往@j通俗读物
606 0  @a人间交往
690    @aC912.1@v4
701  0 @a柯秋贤@AKe Qiu Xian@4编
801  0 @aCN@bTANGWEI@c20110419
905    @b0536211-15@dC912.1@e733@f5
    
    卡耐基人性的弱点全集:如何赢得朋友并影响他人:超值合集版/柯秋贤编.-北京:地震出版社,2009
    307页;24cm
    
    
    ISBN 978-7-5028-2976-6:CNY29.80
    本书内容涉及人际交往、心态调节、维系家庭、合理安排工作和金钱等方面,还为读者指明了营造和谐美好人际关系的诀窍。
●
相关链接 在E读中查询图书 在五车中查询图书 在当当中查询图书 在豆瓣中查询图书


正题名:卡耐基人性的弱点全集     索取号:C912.1/733         预约/预借

序号 登录号 条形码 馆藏地/架位号 状态 备注
1 0536211   205362114   第一样本阅览室/ [索取号:C912.1/733] 在馆    
2 0536213   205362132   第一借阅区/ [索取号:C912.1/733] 在馆    
3 0536214   205362141   第一借阅区/ [索取号:C912.1/733] 在馆    
4 0536215   205362150   第一借阅区/ [索取号:C912.1/733] 在馆    
唐山师范学院图书馆 欢迎您!
大连网信软件有限公司© 版权所有